BATBS Characters * In The Universe! - Statistics

General Stats
  • This quiz has been taken 30 times
    5 since last reset
  • The average score is 89 of 149
Answer Stats
Answer % Correct
Abella
100%
Alex
100%
Alexis
100%
Amari Trednendez
100%
Areo-Ace Braden
100%
Basil
100%
Bay-Bay
100%
Bi-Sexual Braden
100%
Botswana
100%
Brooklyn
100%
Bubble Gum Pink Hair Braden
100%
Cindy Trednendez
100%
Clock Work Braden
100%
Cosiella
100%
Damien
100%
Donald Trump
100%
Dumb Braden
100%
Femboy Braden
100%
Femboy Braden's Biological Mom
100%
Femboy Braden's Crazy Sister
100%
Gay Braden
100%
Grandma Braden
100%
Grandma Mya
100%
Grandpa Braden
100%
Grandpa Mya
100%
Gumball Braden
100%
Hillary Clinton
100%
Hoargy
100%
Homophobic Braden
100%
Jacob
100%
Jacob G.
100%
Jax
100%
Jill
100%
Jim
100%
Kya
100%
Lavender
100%
Marble Braden
100%
Mario Trednendez
100%
Maubi
100%
Maurice
100%
Mot
100%
Mya
100%
Mya's Little Cusion
100%
Nightmare(s) Braden(s)
100%
Obama
100%
Paul Pwizerszesa
100%
Pink Hair Braden
100%
Police
100%
Salami
100%
Scott
100%
Shalongadna
100%
Shawn
100%
Sheniqua
100%
Smart Braden
100%
Tim
100%
Timothy
100%
Tintill
100%
Twerin
100%
Tyler Ganci
100%
Zach
100%
Agender Braden
50%
Alec
50%
Alose Trednendez
50%
Asexual Braden
50%
Basil's Grandma
50%
Basil's Grandpa
50%
Blue Hair Braden
50%
Boobits
50%
Brayden
50%
Brooke
50%
BuzzBalls
50%
Canadian Dude
50%
Catboy Braden
50%
Cinnamon
50%
Copse
50%
Cordelia
50%
Cotton Candy
50%
Crayon Braden
50%
Fat Braden
50%
Femboy Braden's Biological Dad
50%
Hair Scorpion
50%
Herpes Braden
50%
James
50%
Jaundeaceamea
50%
Jokuse
50%
Joulen Castillo
50%
Kirby Kya
50%
Kirou
50%
Kunimi
50%
Little Jimmy ( Cosiella's Little Bother )
50%
Little Timmy ( Jokuse's Little Brother )
50%
Long Tongue Braden
50%
Luke Hummings
50%
Mavaga
50%
Mayer
50%
Michael
50%
Monoshiaki
50%
Non-Binary Braden
50%
Pan-Sexual Braden
50%
Paul ( Maurice's Husband )
50%
Pink Eye Braden
50%
Purbert
50%
Purple
50%
Quan
50%
Quandarius Figglebottom
50%
Really Gay Braden
50%
Robo-Braden
50%
Sharon Kimler
50%
Streve
50%
Sturks W. Figglebottom
50%
Tyrone
50%
Vanilla
50%
Water Balloon Braden
50%
William Frankson
50%
Xolots
50%
Yasminn
50%
Arachnid Braden
0%
Braden Braden
0%
Brianna
0%
Bungalow
0%
Calmintime Blutters
0%
Chuck
0%
Cookie Dough Braden
0%
Emo Braden
0%
Emoticon Braden
0%
Eye Braden
0%
Fat Braden ( Paper Form )
0%
Guy whose name is Tyrone but is not actually Tyrone
0%
Head-Shot Braden
0%
Hotdog Nurse
0%
Jaundice Braden
0%
Joure
0%
Kelpy G.
0%
King Tintill
0%
Lauran Godrick
0%
Lavender's Discord Girlfriend
0%
Lavender's Discord Girlfriend In Real Life
0%
Lexi
0%
Liam
0%
Mountain Dew Guy That Appears In The Background Of Some Episodes
0%
Mouthful Braden
0%
Perry The Discord Groomer
0%
Pizza Guy That Appears In The Background Of Some Episodes
0%
Saffron
0%
Salami AI
0%
Sicolas
0%
Spike Ball Braden
0%
Warold
0%
No matching quizzes found
Score Distribution
Percent of People with Each Score
Percentile by Number Answered
Your Score History
You have not taken this quiz since the last reset